Elements 81-118 Symbol to Element Randomized - Statistics

General Stats
  • This quiz has been taken 13 times
  • The average score is 27 of 38
Answer Stats
Symbol # Element % Correct
Fr 87 Francium
100%
Ra 88 Radium
100%
Bi 83 Bismuth
86%
Pb 82 Lead
86%
Po 84 Polonium
86%
Rn 86 Radon
86%
Rf 104 Rutherfordium
86%
Th 90 Thorium
86%
U 92 Uranium
86%
Ac 89 Actinium
71%
Am 95 Americium
71%
At 85 Astatine
71%
Bk 97 Berkelium
71%
Bh 107 Bohrium
71%
Cf 98 Californium
71%
Cm 96 Curium
71%
Ds 110 Darmstadtium
71%
Db 105 Dubnium
71%
Fm 100 Fermium
71%
Lr 103 Lawrencium
71%
Lv 116 Livermorium
71%
Md 101 Mendelevium
71%
Np 93 Neptunium
71%
Nh 113 Nihonium
71%
No 102 Nobelium
71%
Og 118 Oganesson
71%
Pu 94 Plutonium
71%
Tl 81 Thallium
71%
Cn 112 Copernicium
57%
Es 99 Einsteinium
57%
Fl 114 Flerovium
57%
Hs 108 Hassium
57%
Mt 109 Meitnerium
57%
Mc 115 Moscovium
57%
Pa 91 Protactinium
57%
Rg 111 Roentgenium
57%
Sg 106 Seaborgium
57%
Ts 117 Tennessine
57%
No matching quizzes found
Score Distribution
Percent of People with Each Score
Percentile by Number Answered
Your Score History
You have not taken this quiz